000 01029aam a2200253 a 4500
999 _c8779
_d8779
001 8779
003 BD - JhCC
005 20180303202338.0
008 690702m19669999enka 001 0 eng
035 _a(BD - JhCC)8779
040 _aDLC
_cDLC
_dSER
_dEQO
_dBD - JhCC
041 _aeng
050 0 _aQD40
_b.N8
082 _a540/.071/2
_bNUF 1966
110 2 _aNuffield Foundation.
_bScience Teaching Project.
245 1 0 _aNuffield chemistry /
_c[Nuffield Foundation ; H.F. Halliwell, ed.]
260 _aLondon :
_bLongmans Green ;
_aMiddlesex :
_bPenguin,
_c1966-
300 _av. :
_bill. (some col.) ;
_c25 cm.
505 1 _a[1] Introduction and guide. -- [2] Handbook for teachers. -- [3] The sample scheme stages I and II. -- [4] The sample scheme stage III. -- [5] Collected experiments. -- [6] Book of data. -- [7-9] Laboratory investigations. -- [10] Background books. -- [11] Film loop notes.
650 0 _aChemistry
_xStudy and teaching (Secondary)
700 1 _aHalliwell, H.F.
942 _2ddc
_cBK